Statistics for Random World Capitals on a Blank Map

Click here to take the quiz!

General Stats

  • This quiz has been taken 1,947 times
  • The average score is 8 of 20

Answers on the Map

Answers color-coded by a green-red scale on the quiz's map according to % correct below.
 

Answer Stats

Capital% Correct
Berlin
100%
Brussels
100%
Oslo
100%
Reykjavík
100%
Warsaw
100%
Washington D.C.
100%
Rome / Vatican
90%
Bern
89%
Damascus
88%
Ottawa
88%
Vienna
88%
Santiago
86%
Lisbon
83%
Tehran
83%
Belgrade
82%
Tallinn
80%
Wellington
80%
Stockholm
79%
Brasília
78%
Paris
78%
Bangkok
75%
Cairo
75%
Montevideo
75%
Podgorica
75%
Port Moresby
75%
Dublin
73%
Buenos Aires
71%
Jakarta
71%
Jerusalem
70%
Lima
70%
Athens
67%
Beijing
67%
La Paz or Sucre
67%
London
67%
Prague
67%
Tokyo
67%
Valletta
67%
Moscow
64%
Bandar Seri Begawan
63%
New Delhi
63%
Budapest
60%
Sarajevo
60%
Panama City
58%
Pretoria, Cape Town,
or Bloemfontein
57%
Riga
57%
Tashkent
57%
Asunción
56%
Canberra
56%
Madrid
56%
Tripoli
55%
Beirut
50%
Bogotá
50%
Bucharest
50%
Copenhagen
50%
Dakar
50%
Helsinki
50%
Kathmandu
50%
Kiev
50%
Malabo
50%
Minsk
50%
Monrovia
50%
Praia
50%
San Salvador
50%
Sofia
50%
Zagreb
50%
Yerevan
46%
Accra
45%
Ljubljana
45%
Nassau
45%
Rabat
45%
Vilnius
45%
Windhoek
45%
Kingston
44%
Mogadishu
44%
Riyadh
44%
Baghdad
43%
Chișinău
43%
Luxembourg
43%
Malé
43%
Muscat
43%
Taipei
42%
Ankara
41%
Kingstown
40%
Kuala Lumpur
40%
Luanda
40%
Port-au-Prince
40%
Pyongyang
40%
Sri Jayawardenepura Kotte
40%
Abuja
38%
Dhaka
38%
Hanoi
38%
Khartoum
38%
Quito
38%
Sana'a
38%
Yaren
38%
Abu Dhabi
36%
Bratislava
36%
Djibouti
36%
Pristina
36%
Skopje
36%
Tbilisi
36%
Amsterdam
33%
Andorra la Vella
33%
Antananarivo
33%
Guatemala City
33%
Islamabad
33%
Mexico City
33%
Port Vila
33%
Tirana
33%
Vaduz
33%
Kinshasa
31%
Addis Ababa
30%
Ashgabat
30%
Lilongwe
30%
Nur-Sultan
30%
Port Louis
30%
Bangui
29%
Castries
29%
Dili
29%
Dushanbe
29%
Libreville
29%
South Tarawa
29%
Ulaanbaatar
29%
Belmopan
27%
Dodoma
27%
Kigali
25%
Manama
25%
Mbabane
25%
Seoul
25%
Tegucigalpa
25%
Amman
22%
Apia
22%
Brazzaville
22%
Lomé
22%
Nukuʻalofa
22%
Saint George's
22%
San José
22%
Suva
22%
Victoria
22%
Algiers
20%
Bissau
20%
Bridgetown
20%
Harare
20%
Havana
20%
Kuwait City
20%
Manila
20%
Nairobi
20%
Thimphu
20%
Asmara
18%
Gitega
18%
Lusaka
18%
Majuro
18%
Monaco
18%
Nouakchott
18%
Tunis
18%
Yaoundé
18%
Baku
17%
Basseterre
17%
Bishkek
17%
Doha
17%
N'Djamena
17%
Banjul
14%
Juba
14%
Maseru
14%
Niamey
14%
Nicosia
14%
Vientiane
14%
Managua
13%
Ngerulmud
13%
Port-of-Spain
13%
São Tomé
13%
Singapore
13%
Gaborone
11%
Georgetown
11%
Moroni
11%
Conakry
10%
Freetown
10%
Bamako
9%
Kabul
9%
Kampala
9%
Maputo
9%
Roseau
9%
Funafuti
8%
Palikir
8%
Phnom Penh
8%
San Marino
8%
Caracas
0%
Honiara
0%
Naypyidaw
0%
Ouagadougou
0%
Paramaribo
0%
Porto-Novo or Cotonou
0%
Saint John's
0%
Santo Domingo
0%
Yamoussoukro
0%

Score Distribution

Percentile by Number Answered

Percent of People with Each Score

Your Score History

You have not taken this quiz